|
|
|
|
| LEADER |
01055nam a2200253 a 4500 |
| 001 |
537572 |
| 008 |
090802s1985 mx a b 000 0 eng d |
| 010 |
|
|
|a 87124408
|
| 020 |
|
|
|a 9681202481
|
| 040 |
|
|
|a DLC
|c DLC
|d DLC
|
| 082 |
0 |
0 |
|a 972
|2 19
|
| 130 |
0 |
|
|a Historia mínima de México.
|l English.
|
| 245 |
1 |
2 |
|a A Compact history of Mexico /
|c Daniel Cosío Villegas ... [et al.] ; foreword by Robert A. Potash ; translated by Marjory Mattingly Urquidi.
|
| 250 |
|
|
|a 2nd ed. in English.
|
| 260 |
|
|
|a México, D.F. :
|b Colegio de México,
|c 1985.
|
| 300 |
|
|
|a 191 p. :
|b ill. ;
|c 21 cm.
|
| 500 |
|
|
|a Translation of: Historia mínima de México.
|
| 504 |
|
|
|a Bibliography: p. 191.
|
| 541 |
1 |
|
|e 00004606
|
| 651 |
|
0 |
|a Mexico
|x History.
|
| 700 |
2 |
|
|a Cosío Villegas, Daniel,
|d 1898-1976.
|
| 852 |
4 |
|
|a Ayesha Abed Library
|j General Shelf.
|
| 999 |
|
|
|c 3173
|d 3173
|
| 952 |
|
|
|0 0
|1 4
|2 ddc
|4 0
|6 972_000000000000000_COM
|7 0
|9 2876
|a BRACUL
|b BRACUL
|c GEN
|d 2009-08-30
|g 0.00
|l 0
|o 972 COM
|p 3010004606
|r 2009-08-30
|t 1
|w 2009-08-30
|y BK
|x No price found in the accession register.
|